Normal view MARC view
  • Engineering

Entry Topical Term

Number of records used in: 1

001 - CONTROL NUMBER

  • control field: 3531

003 - CONTROL NUMBER IDENTIFIER

  • control field: OSt

005 - DATE AND TIME OF LATEST TRANSACTION

  • control field: 20160914165749.0

008 - FIXED-LENGTH DATA ELEMENTS

  • fixed length control field: 160914|| aca||aabn | a|a d

040 ## - CATALOGING SOURCE

  • Original cataloging agency: OSt
  • Transcribing agency: OSt

150 ## - HEADING--TOPICAL TERM

  • Topical term or geographic name as entry element: Engineering

670 ## - SOURCE DATA FOUND

  • Source citation: Work cat.: (OSt): Nagrath,I. J 3530, Electronics Analog And Digital, 2013